书目信息 |
| 题名: |
北京都市空间中的历史文脉传承
|
|
| 作者: | 王建伟 主编 | |
| 分册: | ||
| 出版信息: | 北京 中国社会科学出版社 2016 |
|
| 页数: | 260页 | |
| 开本: | 24cm | |
| 丛书名: | 北京市社会科学院社科文库 | |
| 单 册: | ||
| 中图分类: | TU984.21 | |
| 科图分类: | ||
| 主题词: | 城市空间--cheng shi kong jian--空间规划--研究--北京 | |
| 电子资源: | ||
| ISBN: | 978-7-5161-8838-5 | |
| 000 | 01057nam0 22002531 450 | |
| 001 | 0119165250 | |
| 005 | 20170619165250.0 | |
| 010 | @a978-7-5161-8838-5@dCNY62.00 | |
| 100 | @a20161205d2016 em y0chiy50 ea | |
| 101 | 0 | @achi |
| 102 | @aCN@b110000 | |
| 105 | @ay z 000yy | |
| 106 | @ar | |
| 200 | 1 | @a北京都市空间中的历史文脉传承@9bei jing du shi kong jian zhong de li shi wen mai chuan cheng@f王建伟主编 |
| 210 | @a北京@c中国社会科学出版社@d2016 | |
| 215 | @a260页@d24cm | |
| 225 | 2 | @a北京市社会科学院社科文库@9bei jing shi she hui ke xue yuan she ke wen ku@f谭维克总编 |
| 330 | @a本书共分六章,内容包括:中轴线:北京历史文脉纵向线索;朝阜大街:北京历史文脉横向肌理;文脉视野中的北京园林;北京工业遗产与城市文脉传承;地名:北京历史文脉的隐形线索;北京历史文脉的非物质文化元素及其特征。 | |
| 461 | 0 | @12001 @a北京市社会科学院社科文库 |
| 606 | 0 | @a城市空间@9cheng shi kong jian@x空间规划@x研究@y北京 |
| 690 | @aTU984.21@v5 | |
| 701 | 0 | @a王建伟@9wang jian wei@4主编 |
| 801 | 0 | @aCN@b百万庄@c20170616 |
| 905 | @b1011111-6@dTU984.21@e991@f6 | |
| 北京都市空间中的历史文脉传承/王建伟主编 .-北京:中国社会科学出版社,2016 |
| 260页;24cm.-(北京市社会科学院社科文库/谭维克总编) |
| ISBN 978-7-5161-8838-5:CNY62.00 |
| 本书共分六章,内容包括:中轴线:北京历史文脉纵向线索;朝阜大街:北京历史文脉横向肌理;文脉视野中的北京园林;北京工业遗产与城市文脉传承;地名:北京历史文脉的隐形线索;北京历史文脉的非物质文化元素及其特征。 |
| ● |
| 相关链接 |
|
|
|
|
正题名:北京都市空间中的历史文脉传承
索取号:TU984.21/991
 
预约/预借
| 序号 | 登录号 | 条形码 | 馆藏地/架位号 | 状态 | 备注 |
| 1 | 1011111 | 210111118 | 第二样本阅览室/ [索取号:TU984.21/991] | 在馆 | |
| 2 | 1011112 | 210111127 | 教育系资料室/ [索取号:TU984.21/991] | 在馆 | |
| 3 | 1011113 | 210111136 | 教育系资料室/ [索取号:TU984.21/991] | 在馆 | |
| 4 | 1011114 | 210111145 | 教育系资料室/ [索取号:TU984.21/991] | 在馆 | |
| 5 | 1011115 | 210111154 | 第三借阅区/ [索取号:TU984.21/991] | 在馆 | |
| 6 | 1011116 | 210111163 | 第三借阅区/ [索取号:TU984.21/991] | 在馆 |